| 000 | 00789nam a2200241 a 4500 | ||
|---|---|---|---|
| 001 | BRCA_6557 | ||
| 005 | 20190320205513.0 | ||
| 008 | 300911s1991----mx-a######---#000-0#spa-# | ||
| 020 | _a968842935X | ||
| 041 | _aspa | ||
| 044 | _amx | ||
| 050 | 4 |
_aZ211.O2 _b.H57 1999 |
|
| 245 | 1 | 0 |
_aLa Historia de la Imprenta en Oaxaca _ccoordinación editorial Verónica Loera y Chávez. |
| 260 |
_aMéxico _bBiblioteca Francisco de Burgoa-UABJO _c1999 |
||
| 300 |
_a55 p. _bil. _c27 cm. |
||
| 500 | _aIncluye catálogo de ilustraciones | ||
| 500 | _aDonación Dra. Elsa Barberena | ||
| 650 | 1 | 4 |
_aImprenta _xHistoria _zOaxaca de Juárez (México) _916360 |
| 651 | 4 |
_aOaxaca de Juárez (México) _vImprentas _916361 |
|
| 700 | 1 |
_aLoera y Chávez, Verónica _916362 |
|
| 902 | _aDEB | ||
| 942 |
_2lcc _cB |
||
| 999 |
_c6241 _d6241 |
||